000 03027nam a2200445 i 4500
001 12068
003 ES-MaACL
005 20250612110916.0
007 t|
008 970303m1996 sp ||||1| spa d
017 _aB 20521-1996
_bOficina Depósito Legal Barcelona
020 _a9788422657231
020 _a9788481090970
040 _cES-MaACL
080 _a821.134.2-84"19"
100 1 _aGómez de la Serna, Ramón,
_d1888-1963
_eaut
_957901
245 1 0 _aObras completas /
_cRamón Gómez de la Serna ; edición dirigida por Ioana Zlotescu ; revisión de los textos por Juan Pedro Gabino ; coordinación documental de Pura Fernández ; con el asesoramiento de José-Carlos Mainer ; prólogos de José-Carlos Mainer y Ioana Zlotescu.
250 _a1ª ed.
260 _aBarcelona :
_bCírculo de Lectores :
_bGalaxia Gutenberg,
_c1996-
300 _a17 volúmenes ;
_c21 cm.
500 _aÍndices
504 _aReferencias bibliográficas
505 _aI. Prometeo I: Escritos de juventud (1905-1913) -- II. Prometeo II: Teatro de juventud (1909-1912) -- III. Ramonismo I: El Rastro; El circo; Senos (1914-1917) -- IV. Ramonismo II: Greguerías; Muestrario (1917-1919) -- V. Ramonismo III: Libro nuevo; Disparates; Variaciones; El alba (1920-1923) -- VII. Ramonismo V: Caprichos, gollerías, trampantojos (1923-1956) -- IX. Novelismo I: El doctor inverosímil y otras novelas (1914-1923) -- X. Novelismo II: Cinelandia y otras novelas (1923-1928) -- XI. Novelismo III: Novelas cortas y cuentos para niños (1921-1932) -- XII. Novelismo IV: El caballero del hongo gris y otras novelas (1928-1937) -- XIII. Novelismo V: Novelas cortas y teatro de vanguardia (1927-1947) -- XIV. Novelismo VI: Escritos autobiográficos II; Escritos del desconsuelo (1947-1961) -- XV. La ciudad: Madrid, Buenos Aires (1919-1956) -- XVI. Ensayos, retratos y biografías I: Ensayos; Efigies; Ismos (1912-1961) -- XVII. Retratos y biografías II: Retratos completos (1941-1961) -- XIX. Retratos y biografías IV: Biografías de escritores (1930-1953) -- XX. Escritos autobiográficos I: Automoribundia (1888-1948)
505 _aXVII. Retratos y biografías II: Retratos completos (1941-1961): Retratos contemporáneos ; Nuevos retratos contemporáneos ; Otros retratos
505 _aXIX. Retratos y biografías IV: Biografías de escritores (1930-1953): Azorín ; Mi tía Carolina Coronado ; Don Ramón María del Valle-Inclán ; Lope viviente ; Edgar Poe ; Quevedo
700 1 _aZlotescu, Ioana.
_9118312
_eaui
_epbd
700 1 _aGabino, Juan Pedro.
_953139
_erev
700 1 _aFernández, Pura.
_949421
_epbl
700 1 _aMainer, José-Carlos,
_d1944-
_eaui
_epbl
_975599
740 _aAzorín
740 _aMi tía Carolina Coronado
740 _aDon Ramón María del Valle-Inclán
740 _aLope viviente
740 _aEdgar Poe
740 _aQuevedo
852 4 _aES-MaACL
_cDEPO2
_jP-71
_xCartoné
942 _cMONOGRAFIA
_n0
999 _c12068
_d12068